Modelling binary data
Saved in:
| Hovedforfatter: | |
|---|---|
| Format: | Bog |
| Sprog: | engelsk |
| Udgivet: |
Londres
Chapman & Hall
1991
|
| Fag: | |
| Tags: |
Tilføj Tag
Ingen Tags, Vær først til at tagge denne postø!
|
MARC
| LEADER | 00000nam a2200000 a 4500 | ||
|---|---|---|---|
| 001 | UCY6840 | ||
| 003 | CL-VaPUC | ||
| 008 | 950602e19910000UK |||||||||||||||||eng|d | ||
| 082 | 0 | 4 | |a 519.538 |b COL |2 21 |
| 100 | 0 | |a Collett, D |e author |9 336937 | |
| 245 | 1 | 0 | |a Modelling binary data |
| 300 | |a 369 p | ||
| 942 | |c BK | ||
| 945 | |d 19950602 00:00:00 |a awong | ||
| 260 | |a Londres |b Chapman & Hall |c 1991 | ||
| 650 | 0 | |a Análisis de varianza |9 336938 | |
| 650 | 7 | |a DISTRIBUCIONES DE PROBABILIDAD |2 CL-VaPUC |9 336939 | |
| 583 | |a last modification |c 20130924 09:26:45 |k Rodrigo Vera | ||
| 999 | |c 234337 |d 234335 | ||
| 952 | |0 0 |1 0 |4 0 |6 519_538000000000000_COL_1991 |7 0 |8 A |9 240509 |a BIBGIM |b BIBGIM |d 2019-11-18 |i 3086909 |o 519.538 COL 1991 |p 3086909 |r 2025-01-15 |w 2019-11-18 |y BK |k EST | ||
| 952 | |0 0 |1 0 |4 0 |6 519_538000000000000_COL_1991 |7 0 |8 A |9 240510 |a BIBGIM |b BIBGIM |d 2019-11-18 |i 3314987 |o 519.538 COL 1991 |p 3314987 |r 2025-01-15 |w 2019-11-18 |y BK |k EST | ||